00000000nam##2200000za#4500
0019.557709
003CaOODSP
00520210624172026
007cr |||||||||||
008150406|1991||||xxc|||||o    f|0| 0 eng|d
040 |aCaOODSP|beng
043 |an-cn---
0861 |aNH18-22/91-204E-IN
1102 |aCanada Mortgage and Housing Corporation.
24510|aConsumers' need for a renovation advisory service |h[electronic resource]
260 |aOttawa - Ontario : |bCanada Mortgage and Housing Corporation
300 |a3p. (181 KB)
4901 |aResearch and development highlights; technical series |v91-204
590 |a01-12|b2001-03-23
69007|aHome renovations|2gcpds
77508|tÉtude sur les besoins des consommateurs pour un service de consultation technique en rénovation domiciliaire / |w(CaOODSP)9.607614
830#0|aResearch and development highlights; technical series ;|v91-204|w(CaOODSP)9.504481
85640|ahttp://publications.gc.ca|qPDF|s181 KB|uhttps://publications.gc.ca/collections/Collection/NH18-22-91-204E.pdf|y91-204